LEADER 01148nam a2200217 i 4500 001 000000228760 003 CaOOAMICUS 005 20140410000000.0 008 140410s1794 it u000 u ita u 013 $a207662 026 $a.)9. s-e. o-le +ade (3) 1794 (Q) 040 $aSeMil$bita 245 10$aParte prima, sopra la Salve Regina. 300 $aXXIV, 275, [1] p. 500 $aSegn. : a12 A-L12 M6. - Fondo Bidoglio. 773 0 $aLiguori, Alfonso Maria : de' $tGlorie di Maria opera dell'illustrissimo e reverendissimo monsignore don Alfonso de' Liguori ... utile per leggere, e predicare divisa in due parti. Nella prima si ragiona delle molte e copiose grazie che la madre di Dio dispensa a' suoi divoti, ... Nella seconda parte poi si ragiona delle sue feste principali ... Parte 1. [-2.].$dBologna : Nella Stamperia di Lelio dalla Volpe, imprimatur 1794.$g1$w()25949 850 $aSeMil 852 $aSeMil$W1$xVenegono$y1$m2ZB XI 1 FA$j179106$B179106$CSeMilBibl$Z2$F190174 $8I 941 1 $a2 961 $aLascito: Bidoglio don Maurizio 996 $6245$aParte prima, sopra la Salve Regina$9(OLS)http://semarc/title/327428 LEADER 01708nam a2200313 i 4500 001 000000090733 003 CaOOAMICUS 005 20220523124328.0 008 160202s1785 it u000 u ita u 013 $a62975 026 $anee- onla r-li stmo (3) 1785 (R) 040 $aSeMil$bita 100 1 $aSaccarelli, Carlantonio,$d<1684-1758>.$0(OLS)http://semarc/name/40711 245 10$aVita della Santa Madre Gio. Francesca Fremiot di Chantal fondatrice dell'Ordine della visitazione di Santa Maria, composta da Carl'Antonio Saccarelli .. 250 $aNuova edizione riveduta, corretta, ed accresciuta dall'autore. 260 $aIn Venetia :$bAppresso Simone Occhi,$c1785. 300 $aXVI, 368 p. ;$c4º. 500 $aTesto su due colonne 500 $aMarca editoriale: Figura femminile, personificazione dell'Italia, con una cornucopia nella mano sinistra e uno scettro nella destra. (Utilizzata anche da Andrea Poletti). Rep. consultato: Marques d'impressors, catalogo online, Univ. di Barcellona 500 $aSegn.: a8 A-Z8 600 14$aFrémiot de Chantal, Giovanna Francesca .$0(OLS)http://semarc/subject/2068 700 1 $aOcchi, Simone,$c.$0(OLS)http://semarc/name/2607 850 $aSeMil 852 $aSeMil$W1$xVenegono$y1$m3J IV 25 FA$j53700$B53700$CSeMilBibl$Z2$F58334 $8I 941 1 $a10 961 $aRecupero: Mantegazza 996 $6245$aVita della Santa Madre Gio. Francesca Fremiot di Chantal fondatrice dell'Ordine della visitazione di Santa Maria, composta da Carl'Antonio Saccarelli ..$9(OLS)http://semarc/title/136747 996 $6260$aIn Venetia :$bAppresso Simone Occhi$9(OLS)http://semarc/publisher/43653 LEADER 00418nab a2200133 i 4500 001 000000313278 003 CaOOAMICUS 005 20180831173108.0 008 180831n xx uu u0 0und r 013 $a22369 040 $aSeMil$bita 245 10$aBollettini: Teologia Morale e Pastorale. 773 0 $t[Luglio-Dicembre].$g56-65, 138-147,$w()274228 996 $6245$aBollettini: Teologia Morale e Pastorale$9(OLS)http://semarc/title/387552